000 00514nam a2200181Ia 4500
005 20250508151506.0
008 008 250505s9999 xx 000 0 eng d
037 _aTextual
040 _aFEDL
_beng
_cFEDL
041 _aeng
_2eng
084 _a371.42, GRE
_qFEDL
100 _aGreenleaf Walter James
_9139979
245 0 _aOccupations and careers
260 _aNew York, USA
_bMcGraw-Hill Book Company
_c1955
300 _axiv,605p.
942 _cTEXL
_h371.42, GRE
999 _c1330153
_d1330153